000 01416nam a22004217a 4500
003 OSt
005 20230315144004.0
008 221006b |||||||| |||| 00| 0 eng d
040 _cBiblioteca Lado V
082 _a701.1
_bB167a
100 _9783
_aBaker, Elizabeth C.
_eeditora
245 _aArt in America/
_bInternational Review/
260 _bWhitney Communications Corporation Magazine Division
_c2009
_aNew York
300 _c22x29cm
_a200p.
366 _eeng
490 _aOctubre
_v2009
505 _tHomepage
505 _tInsight
505 _tRevision 11
505 _tRemembering
505 _tCurating
505 _tIn the Studio
505 _tPropaganda in the Garden
_a- Earthly Homage - Green Acres: Maxwell Anderson - Hybrid Field
505 _tEscape Hatch: Janine Antoni
505 _tLooking for James Ensor
505 _tSearchin Every Which A-Way
505 _tSelling the Sizzle
505 _tJohn Baldessari: An Interview
505 _tReviews
505 _tArtworld
650 _2Tesauro de Arte & Arquitectura
_aARTE
_9703
650 _2Tesauro de Arte & Arquitectura
_aCRITICA
650 _2Tesauro de Arte & Arquitectura
_aAPRECIACION
650 _2Tesauro de Arte & Arquitectura
_aCOLECCIONISMO
650 _2Tesauro de Arte & Arquitectura
_aARTE - USA
700 _aShanley, Paul
_epublicista
942 _2ddc
_c1
_h701.1
_iB167a
_n0
999 _c3226
_d3226